THE AYURVEDIC PHARMACOPIA OF INDIA-1 (Record no. 8626)

MARC details
000 -LEADER
fixed length control field 00351nam a22001337a 4500
003 - CONTROL NUMBER IDENTIFIER
control field SGT
082 ## - DEWEY DECIMAL CLASSIFICATION NUMBER
Classification number 615
Item number A11M
100 ## - MAIN ENTRY--PERSONAL NAME
Personal name MINISTRY OF HEALTH & FAMILY WELFARE
245 ## - TITLE STATEMENT
Title THE AYURVEDIC PHARMACOPIA OF INDIA-1
260 ## - PUBLICATION, DISTRIBUTION, ETC. (IMPRINT)
Place of publication, distribution, etc DELHI
Name of publisher, distributor, etc MINISTRY OF HEALTH & FAMILY WELFARE
Year of Publication 2011
300 ## - PAGE DESCRIPTION
No. of Pages 246
650 ## - SUBJECT ADDED ENTRY--TOPICAL TERM
Topical term or geographic name as entry element AYURVEDA PHARMACOPIA
942 ## - ADDED ENTRY ELEMENTS (KOHA)
Source of classification or shelving scheme Dewey Decimal Classification
Koha item type Books
942 ## - ADDED ENTRY ELEMENTS (KOHA)
-- 3
Holdings
Withdrawn status Lost status Source of classification or shelving scheme Damaged status Use restrictions Not for loan Collection code Home library Current library Shelving location Date acquired Vendor Name Cost, normal purchase price Volume Information (Serial or Books or Non-Book Material) SGTU Bill Number Total Checkouts Full call number Accession No. (Barcode) Date last seen Date last borrowed Bill Date Koha item type
    Dewey Decimal Classification   Restricted Access   AYURVEDA SGT FA-FP Library SGT FA-FP Library Reference Book 28/03/2016 C.C.R.S 700.00 8 SGTU 14296 3 615 A11M FA4554 25/09/2023 25/09/2023 13/01/2016 Books
    Dewey Decimal Classification   Restricted Access   AYURVEDA SGT FA-FP Library SGT FA-FP Library Reference Book 28/03/2016 C.C.R.S 700.00 8 SGTU 14296   615 A11M FA4555 28/03/2016   13/01/2016 Books